[Event "Ambes op 1st"]
[Site "Ambes"]
[Date "2007.04.13"]
[Round "8"]
[White "Ramdine, Dedan"]
[Black "Crabos, Vincent"]
[Result "1-0"]
[WhiteElo "1760"]
[BlackElo "1600"]
[PlyCount "56"]
[EventDate "2007.04.07"]
[EventType "swiss"]
[EventRounds "11"]
[EventCountry "FRA"]
[SourceTitle "CBM 117 Extra"]
[Source "ChessBase"]
[SourceDate "2007.05.09"]
[SourceVersion "1"]
[SourceVersionDate "2007.05.09"]
[SourceQuality "1"]

1. e4 c5 2. Nf3 d6 3. d4 cxd4 4. Nxd4 g6 5. Nc3 Bg7 6. Bc4 Nf6 7. Be3 Nbd7 8. f3 a6 9. Bb3 0-0 10. Qd2 Nc5 11. Bh6 Qb6 12. Bxg7 Kxg7 13. h4 h5 14. 0-0-0 Bd7 15. Nd5 Nxb3+ 16. axb3 Nxd5 17. exd5 Rac8 18. g4 Rh8 19. Kb1 Rcg8 20. Qe3 Qd8 21. Qc3 Kf8 22. g5 Qc8 23. Qe3 Ke8 24. Rhe1 Qd8 25. Rd2 Rh7 26. Rde2 f5 27. gxf6 Rf7 28. Qg5 Rxf6 1-0

[Event "Ambes op 1st"]
[Site "Ambes"]
[Date "2007.04.07"]
[Round "1"]
[White "Crabos, Vincent"]
[Black "Gallice, Francois"]
[Result "1/2-1/2"]
[WhiteElo "1600"]
[BlackElo "1912"]
[PlyCount "122"]
[EventDate "2007.04.07"]
[EventType "swiss"]
[EventRounds "11"]
[EventCountry "FRA"]
[SourceTitle "CBM 117 Extra"]
[Source "ChessBase"]
[SourceDate "2007.05.09"]
[SourceVersion "1"]
[SourceVersionDate "2007.05.09"]
[SourceQuality "1"]

1. d4 Nf6 2. e3 g6 3. Nf3 Bg7 4. c4 0-0 5. Nc3 d6 6. b4 Nbd7 7. Bd3 c5 8. bxc5 dxc5 9. d5 Nxd5 10. cxd5 Bxc3+ 11. Bd2 Bxa1 12. Qxa1 Nf6 13. e4 Kg7 14. 0-0 b6 15. Re1 Bb7 16. Bc3 Kg8 17. Ne5 a6 18. Nc4 Rb8 19. d6 Kg7 20. g4 h6 21. h4 Kh7 22. h5 Nxg4 23. f3 Nf6 24. dxe7 Qxd3 25. exf8Q Rxf8 26. Bxf6 Qxc4 27. Qe5 Qe6 28. hxg6+ Kg8 29. g7 Re8 30. Qxe6 fxe6 31. Be5 b5 32. Kf2 c4 33. a3 Rc8 34. Rc1 Rd8 35. Ke2 Rc8 36. Ke3 a5 37. Kd4 Ba6 38. Kc3 Rd8 39. Kb2 b4 40. Bc7 Rd2+ 41. Rc2 c3+ 42. Kc1 Be2 43. Rxd2 cxd2+ 44. Kxd2 b3 45. Bxa5 Bxf3 46. Kc3 Bxe4 47. Kxb3 Kxg7 48. Be1 h5 49. Bh4 Kg6 50. Kc3 Kf5 51. Kd4 e5+ 52. Ke3 Ba8 53. a4 Kg4 54. Be7 h4 55. Bd6 Kf5 56. Kf2 e4 57. Bb4 Kg4 58. Kg2 e3+ 59. Kh2 h3 60. a5 Bg2 61. a6 e2 1/2-1/2